| 000 | 00692nam a2200217 i 4500 | ||
|---|---|---|---|
| 001 | 186837 | ||
| 003 | SpMaBN | ||
| 005 | 20231227144955.0 | ||
| 008 | 170221s1988 sp |||| | spa d | ||
| 020 | _a84-7506-251-2 | ||
| 080 | _a791.862 | ||
| 100 | 1 |
_aTierno Galván, Enrique, _d1918-1986 _9110235 |
|
| 245 | 1 | 4 |
_aLos toros, acontecimiento nacional / _cEnrique Tierno Galván ; [prólogo, el Duque de Alba]. |
| 260 |
_aMadrid : _bTurner, _c1988. |
||
| 300 |
_a67 p. ; _c18 cm. |
||
| 595 | _aEjemp. n. 83 de una imp. de 500. | ||
| 650 | 4 |
_aCorridas de toros. _911370 |
|
| 700 | 1 |
_aAguirre, Jesús, _cDuque de Alba. _9125561 |
|
| 852 | 4 |
_aES-MaACL _j2335-F-8 |
|
| 999 |
_c186837 _d186837 |
||